[Event "Hessen-ch Seniors op 09th"]
[Site "Bad Sooden-Allendorf"]
[Date "2013.04.27"]
[Round "8"]
[White "Husser, Oskar"]
[Black "Minarsch, Hans"]
[Result "1-0"]
[WhiteElo "1876"]
[BlackElo "1818"]
[PlyCount "77"]
[EventDate "2013.04.20"]
[EventType "swiss"]
[EventRounds "9"]
[EventCountry "GER"]
[SourceTitle "EXT 2019"]
[Source "ChessBase"]
[SourceDate "2018.10.10"]
[SourceVersion "1"]
[SourceVersionDate "2018.10.10"]
[SourceQuality "1"]

1. Nf3 Nf6 2. c4 e6 3. g3 d5 4. Bg2 Be7 5. 0-0 0-0 6. b3 dxc4 7. bxc4 c5 8. Bb2 Nc6 9. d3 Qc7 10. Nbd2 Rd8 11. Rc1 e5 12. Ne1 Rb8 13. Rc2 Nd4 14. Rc3 Bg4 15. f3 Be6 16. Nc2 Qd7 17. Nb3 Bh3 18. Ncxd4 exd4 19. Rc2 Bxg2 20. Kxg2 Qe6 21. Bc1 b6 22. a4 Qc6 23. Ra2 a5 24. Nd2 Ng4 25. Ne4 Ne5 26. Bf4 Qe6 27. Rb2 h6 28. h4 f5 29. Nf2 Bd6 30. Qd2 Ng6 31. Bxd6 Qxd6 32. Rfb1 Re8 33. Nh3 Qc7 34. h5 Ne7 35. Nf4 Qd6 36. Kf2 Nc6 37. Rxb6 Rxb6 38. Rxb6 Rb8 39. Qxa5 1-0

[Event "Hessen-ch Seniors op 09th"]
[Site "Bad Sooden-Allendorf"]
[Date "2013.04.20"]
[Round "1"]
[White "Minarsch, Hans"]
[Black "Peleikis, Horst"]
[Result "0-1"]
[WhiteElo "1818"]
[BlackElo "2070"]
[PlyCount "82"]
[EventDate "2013.04.20"]
[EventType "swiss"]
[EventRounds "9"]
[EventCountry "GER"]
[SourceTitle "EXT 2019"]
[Source "ChessBase"]
[SourceDate "2018.10.10"]
[SourceVersion "1"]
[SourceVersionDate "2018.10.10"]
[SourceQuality "1"]

1. e4 c5 2. c3 Nf6 3. e5 Nd5 4. d4 e6 5. Nf3 d6 6. dxc5 dxc5 7. c4 Nb6 8. Qxd8+ Kxd8 9. Nc3 Nc6 10. Be3 Nd7 11. Rd1 f6 12. exf6 gxf6 13. Ne4 Kc7 14. g3 b6 15. Bh3 Nd8 16. Nc3 Bb7 17. Ke2 Bxf3+ 18. Kxf3 Ne5+ 19. Ke2 Nxc4 20. Bc1 Nd6 21. Rhe1 Bg7 22. Kf1 Re8 23. Rd3 f5 24. Red1 Bd4 25. Bg2 Nc6 26. Ne2 Rad8 27. Bxc6 Kxc6 28. Nxd4+ cxd4 29. Rxd4 Nf7 30. Rxd8 Rxd8 31. Re1 Kd5 32. b3 Rc8 33. Rd1+ Ke4 34. Be3 Rd8 35. Rc1 Ne5 36. Ke2 Rd7 37. f3+ Kd5 38. f4 Ng6 39. Rd1+ Kc6 40. Rxd7 Kxd7 41. Kd3 Ne7 0-1

[Event "Hessen-chB"]
[Site "Offenbach"]
[Date "2012.04.06"]
[Round "6"]
[White "Urbach, Jens"]
[Black "Minarsch, Hans"]
[Result "0-1"]
[WhiteElo "1586"]
[BlackElo "1822"]
[PlyCount "162"]
[EventDate "2012.04.05"]
[EventType "swiss"]
[EventRounds "7"]
[EventCountry "GER"]
[SourceTitle "EXT 2013"]
[Source "ChessBase"]
[SourceDate "2012.11.22"]
[SourceVersion "1"]
[SourceVersionDate "2012.11.22"]
[SourceQuality "1"]

1. e4 c5 2. Nf3 e6 3. d4 cxd4 4. Nxd4 Nf6 5. e5 Nd5 6. c4 Nb4 7. a3 N4c6 8. Nxc6 Nxc6 9. Qh5 Qa5+ 10. Bd2 Qxe5+ 11. Qxe5 Nxe5 12. Bc3 Ng6 13. Bd3 f6 14. Bxg6+ hxg6 15. Nd2 b6 16. 0-0-0 Bb7 17. f3 d5 18. cxd5 Bxd5 19. Rde1 Rc8 20. Kc2 Bd6 21. h3 Kf7 22. Rd1 Rc6 23. Kd3 Rhc8 24. Rc1 Bf4 25. Rhg1 Rd8 26. Kc2 Bxd2 27. Kxd2 Bxf3+ 28. Ke3 Bd5 29. Rgd1 Rdc8 30. g3 g5 31. Rd2 a6 32. Rd3 b5 33. Rd4 Kg6 34. Kd2 Bg2 35. h4 Rc5 36. hxg5 Rxg5 37. Rd6 Rd5+ 38. Rxd5 Bxd5 39. Rf1 Rc4 40. Ke3 Re4+ 41. Kf2 Kg5 42. Bd2+ Kg6 43. Rg1 Bc4 44. Kf3 Rd4 45. Bc3 Rd3+ 46. Kf2 e5 47. Rh1 e4 48. Re1 Rf3+ 49. Kg2 Bd3 50. Bd2 Rf5 51. Be3 Rd5 52. Rc1 Bc4 53. Kh3 Rd3 54. Re1 f5 55. Kh4 Rd8 56. Kh3 Rd3 57. Kh4 Rb3 58. Bc1 Kf6 59. Kh3 g5 60. Kg2 Rf3 61. Be3 Bd3 62. Bd4+ Ke6 63. Ba7 f4 64. gxf4 gxf4 65. Rc1 Bc4 66. Rh1 Rg3+ 67. Kh2 Kf5 68. Bf2 Rd3 69. Be1 Re3 70. Rg1 Re2+ 71. Kh1 Rxb2 72. Bc3 Rb3 73. Bb4 e3 74. Rd1 Ke4 75. Rd8 Kf3 76. Rh8 Kg3 77. Be1+ Kf3 78. Rh3+ Ke2 79. Bh4 Rb1+ 80. Kg2 Bd5+ 81. Kh2 Rh1# 0-1

[Event "MVP-ch Seniors op 11th"]
[Site "Binz"]
[Date "2011.12.07"]
[Round "8.66"]
[White "Minarsch, Hans"]
[Black "Garbe, Eckhard"]
[Result "1-0"]
[WhiteElo "1553"]
[BlackElo "1479"]
[PlyCount "79"]
[EventDate "2011.11.30"]
[EventType "swiss"]
[EventRounds "9"]
[EventCountry "GER"]
[SourceTitle "EXT 2013"]
[Source "ChessBase"]
[SourceDate "2012.11.22"]
[SourceVersion "1"]
[SourceVersionDate "2012.11.22"]
[SourceQuality "1"]

1. e4 c5 2. c3 Nf6 3. e5 Nd5 4. d4 cxd4 5. cxd4 e6 6. Nf3 Nc6 7. Bc4 Bb4+ 8. Nbd2 Nf4 9. 0-0 Na5 10. Nb3 Ng6 11. Nxa5 Bxa5 12. Bg5 Qc7 13. Rc1 Qb8 14. a3 h6 15. Be3 Bc7 16. Qc2 Bd8 17. Bd3 Ne7 18. Bd2 Nc6 19. b4 b5 20. Bf4 Ne7 21. Be4 Bb7 22. Nd2 Nd5 23. Bg3 Bb6 24. Qd3 a6 25. Nb3 0-0 26. Kh1 Bc6 27. Nc5 Qd8 28. f4 f5 29. exf6 Qxf6 30. f5 Bxc5 31. bxc5 Qe7 32. Bd6 Qf6 33. Bxf8 Rxf8 34. fxe6 Nf4 35. Qc2 Qxe6 36. Bxc6 Qxc6 37. Qd2 g5 38. h3 Nxh3 39. Rxf8+ Kxf8 40. d5 1-0

[Event "MVP-ch Seniors op 11th"]
[Site "Binz"]
[Date "2011.12.06"]
[Round "7.71"]
[White "Minarsch, Hans"]
[Black "Koehler, Marianne"]
[Result "1/2-1/2"]
[WhiteElo "1553"]
[BlackElo "1385"]
[PlyCount "106"]
[EventDate "2011.11.30"]
[EventType "swiss"]
[EventRounds "9"]
[EventCountry "GER"]
[SourceTitle "EXT 2013"]
[Source "ChessBase"]
[SourceDate "2012.11.22"]
[SourceVersion "1"]
[SourceVersionDate "2012.11.22"]
[SourceQuality "1"]

1. b4 e5 2. Bb2 d6 3. e4 Nf6 4. d3 Nbd7 5. Nf3 Nb6 6. a4 Bg4 7. Be2 Bxf3 8. Bxf3 Nbd7 9. 0-0 g6 10. c4 c5 11. b5 b6 12. Nd2 Bg7 13. Nb3 0-0 14. Bc3 h5 15. h3 Nh7 16. Bd2 Ng5 17. Be2 Ne6 18. Ra2 Nd4 19. Nxd4 cxd4 20. f4 Bh6 21. f5 Bxd2 22. Qxd2 Kg7 23. Bd1 Nf6 24. Qg5 Nh7 25. Qg3 Qg5 26. Qe1 Nf6 27. Raf2 Qg3 28. Qd2 Qe3 29. Qxe3 dxe3 30. Rf3 a6 31. Rxe3 axb5 32. axb5 Ra3 33. Ref3 g5 34. Re1 Rh8 35. Rg3 Kh6 36. Rge3 Nd7 37. g4 h4 38. Be2 Rha8 39. Kf2 f6 40. Rd1 Ra1 41. Rxa1 Rxa1 42. Bf1 Ra2+ 43. Re2 Rxe2+ 44. Kxe2 Kg7 45. Ke3 Kf8 46. d4 Ke7 47. Kd3 Kd8 48. Bg2 Kc7 49. Kc3 Nb8 50. Kb4 exd4 51. Kb3 Nd7 52. Kc2 Nc5 53. Kd2 Kd7 1/2-1/2

[Event "MVP-ch Seniors op 11th"]
[Site "Binz"]
[Date "2011.12.04"]
[Round "5.70"]
[White "Minarsch, Hans"]
[Black "Hartlaub, Marianne"]
[Result "1-0"]
[WhiteElo "1553"]
[BlackElo "1373"]
[PlyCount "37"]
[EventDate "2011.11.30"]
[EventType "swiss"]
[EventRounds "9"]
[EventCountry "GER"]
[SourceTitle "EXT 2013"]
[Source "ChessBase"]
[SourceDate "2012.11.22"]
[SourceVersion "1"]
[SourceVersionDate "2012.11.22"]
[SourceQuality "1"]

1. e4 d6 2. d4 Nf6 3. Nc3 c6 4. Nf3 Bg4 5. Be2 Nbd7 6. e5 dxe5 7. Nxe5 Bxe2 8. Qxe2 Nxe5 9. dxe5 Nd5 10. Nxd5 Qxd5 11. 0-0 Rd8 12. c4 Qe6 13. f4 Qf5 14. Be3 a6 15. Rfd1 Rxd1+ 16. Rxd1 e6 17. Qd2 Be7 18. Qd7+ Kf8 19. Qc8+ 1-0

[Event "MVP-ch Seniors op 11th"]
[Site "Binz"]
[Date "2011.12.03"]
[Round "4.67"]
[White "Ludwig, Siegfried"]
[Black "Minarsch, Hans"]
[Result "1-0"]
[WhiteElo "1471"]
[BlackElo "1553"]
[PlyCount "99"]
[EventDate "2011.11.30"]
[EventType "swiss"]
[EventRounds "9"]
[EventCountry "GER"]
[SourceTitle "EXT 2013"]
[Source "ChessBase"]
[SourceDate "2012.11.22"]
[SourceVersion "1"]
[SourceVersionDate "2012.11.22"]
[SourceQuality "1"]

1. e4 b6 2. Bc4 e6 3. Nc3 Bb7 4. Nf3 Bb4 5. d3 d5 6. exd5 exd5 7. Qe2+ Ne7 8. 0-0 dxc4 9. dxc4 0-0 10. Bd2 Ng6 11. Rad1 Nd7 12. a3 Bd6 13. Nd5 c6 14. Nc3 Qc7 15. Qd3 Nc5 16. Qd4 Rad8 17. Qg4 Bc8 18. Qh5 Ne6 19. g3 Ba6 20. b3 Rfe8 21. Rfe1 Bb7 22. Bg5 Nxg5 23. Rxe8+ Rxe8 24. Nxg5 h6 25. Nge4 Be5 26. Qe2 Bxc3 27. Nf6+ gxf6 28. Qxe8+ Kg7 29. Rd8 f5 30. Rd7 Qxd7 31. Qxd7 Ba6 32. Qxa7 Bc8 33. Qxb6 Ne5 34. Qe3 Bb2 35. h3 Be6 36. c3 f6 37. f4 Bxc4 38. bxc4 Nf7 39. a4 Ba3 40. c5 Nd8 41. h4 Kf7 42. h5 Ne6 43. Kg2 Bxc5 44. Qd3 Be7 45. Qxf5 Nc5 46. Qg6+ Ke6 47. a5 Bf8 48. Qe8+ Be7 49. Qxc6+ Bd6 50. a6 1-0

[Event "MVP-ch Seniors op 11th"]
[Site "Binz"]
[Date "2011.12.01"]
[Round "2.43"]
[White "Nietsch, Horst"]
[Black "Minarsch, Hans"]
[Result "1/2-1/2"]
[WhiteElo "1818"]
[BlackElo "1553"]
[PlyCount "50"]
[EventDate "2011.11.30"]
[EventType "swiss"]
[EventRounds "9"]
[EventCountry "GER"]
[SourceTitle "EXT 2013"]
[Source "ChessBase"]
[SourceDate "2012.11.22"]
[SourceVersion "1"]
[SourceVersionDate "2012.11.22"]
[SourceQuality "1"]

1. e4 b6 2. d4 Bb7 3. Nc3 e6 4. Nf3 Nf6 5. e5 Nd5 6. Nxd5 Bxd5 7. Be2 Be7 8. 0-0 d6 9. Be3 Nd7 10. c4 Bb7 11. Qa4 0-0 12. Rad1 c6 13. b4 Qc7 14. Bf4 a5 15. b5 Rad8 16. Rc1 cxb5 17. cxb5 Qb8 18. Bg3 Bxf3 19. Bxf3 dxe5 20. dxe5 Nc5 21. Qc2 Rd4 22. Rcd1 Rfd8 23. Rxd4 Rxd4 24. Rd1 Qd8 25. h3 Rxd1+ 1/2-1/2

[Event "MVP-ch Seniors op 11th"]
[Site "Binz"]
[Date "2011.11.30"]
[Round "1.36"]
[White "Minarsch, Hans"]
[Black "Wicklund Hansen, Richard"]
[Result "1/2-1/2"]
[WhiteElo "1553"]
[BlackElo "1893"]
[PlyCount "72"]
[EventDate "2011.11.30"]
[EventType "swiss"]
[EventRounds "9"]
[EventCountry "GER"]
[SourceTitle "EXT 2013"]
[Source "ChessBase"]
[SourceDate "2012.11.22"]
[SourceVersion "1"]
[SourceVersionDate "2012.11.22"]
[SourceQuality "1"]

1. e4 g6 2. d4 Bg7 3. Nc3 d6 4. f4 a6 5. Nf3 b5 6. Bd3 Bb7 7. a3 e6 8. 0-0 Ne7 9. Be3 0-0 10. Qe1 Nd7 11. Rd1 f5 12. Ng5 fxe4 13. Nxe6 Qc8 14. Nxf8 exd3 15. Nxd7 dxc2 16. Rc1 Qxd7 17. Rxc2 Nf5 18. Qd2 Nh4 19. Qd3 Qg4 20. d5 Bc8 21. Rcf2 Nf5 22. Rf3 Bd7 23. Bf2 Nh4 24. Bxh4 Qxh4 25. Qd2 Rb8 26. Qf2 Qxf2+ 27. Kxf2 b4 28. Nd1 bxa3 29. bxa3 Bb5 30. Rb3 Re8 31. Re1 Bd4+ 32. Ne3 g5 33. Kf3 gxf4 34. Kxf4 Be5+ 35. Kg5 Bxh2 36. Rh1 Re5+ 1/2-1/2

[Event "Niedersachsen-ch Seniors op 13th"]
[Site "Bad Bevensen"]
[Date "2010.07.12"]
[Round "7"]
[White "Minarsch, Hans"]
[Black "Weber, Gerhard"]
[Result "0-1"]
[WhiteElo "1576"]
[BlackElo "1698"]
[PlyCount "88"]
[EventDate "2010.07.06"]
[EventType "swiss"]
[EventRounds "9"]
[EventCountry "GER"]
[SourceTitle "EXT 2012"]
[Source "ChessBase"]
[SourceDate "2011.11.24"]
[SourceVersion "1"]
[SourceVersionDate "2011.11.24"]
[SourceQuality "1"]

1. b3 Nf6 2. Bb2 d6 3. d4 g6 4. Nf3 Bg7 5. Nbd2 0-0 6. e4 Nbd7 7. Bd3 Nh5 8. 0-0 Nf4 9. Be2 c5 10. c3 b6 11. Re1 Nxe2+ 12. Qxe2 a5 13. c4 cxd4 14. Bxd4 Nf6 15. e5 dxe5 16. Bxe5 e6 17. Rad1 Qe7 18. Ne4 Nxe4 19. Qxe4 Bb7 20. Qf4 Bxe5 21. Nxe5 Rad8 22. h3 Kg7 23. Ng4 f6 24. Qe3 Rxd1 25. Rxd1 Rd8 26. Rxd8 Qxd8 27. Qxe6 h5 28. Ne3 Bc8 29. Qc6 g5 30. Nd5 Bf5 31. Qxb6 Qxb6 32. Nxb6 Bb1 33. a3 Kf7 34. b4 axb4 35. axb4 Ke6 36. c5 Be4 37. f3 Bc6 38. Kf2 Ke5 39. Ke3 f5 40. Nc4+ Kd5 41. Nd2 Bd7 42. f4 g4 43. Kd3 Bc6 44. Nf1 Bb5+ 0-1

[Event "Niedersachsen-ch Seniors op 13th"]
[Site "Bad Bevensen"]
[Date "2010.07.08"]
[Round "3"]
[White "Minarsch, Hans"]
[Black "Schwenke, Norbert"]
[Result "1-0"]
[WhiteElo "1576"]
[BlackElo "1404"]
[PlyCount "117"]
[EventDate "2010.07.06"]
[EventType "swiss"]
[EventRounds "9"]
[EventCountry "GER"]
[SourceTitle "EXT 2012"]
[Source "ChessBase"]
[SourceDate "2011.11.24"]
[SourceVersion "1"]
[SourceVersionDate "2011.11.24"]
[SourceQuality "1"]

1. b3 d5 2. Bb2 Nd7 3. Nf3 b6 4. d4 Bb7 5. e3 Ngf6 6. Bb5 e6 7. 0-0 a6 8. Bd3 Be7 9. Nbd2 0-0 10. c4 Rc8 11. a3 c5 12. Rc1 Rc7 13. Qe2 Re8 14. cxd5 exd5 15. Bxa6 Bxa6 16. Qxa6 Qb8 17. Qb5 Rec8 18. dxc5 bxc5 19. Qxb8 Rxb8 20. Ne5 Bd6 21. Nxd7 Nxd7 22. Rb1 f6 23. Rfc1 Ne5 24. Rc3 Rbc8 25. f4 Nc6 26. Rd3 Ne7 27. g3 Rc6 28. e4 d4 29. Nc4 Bb8 30. Kg2 Kf7 31. Kf3 h5 32. Bc1 Ng8 33. Bd2 Nh6 34. h3 Re8 35. Re1 Rce6 36. Bc1 f5 37. e5 Ng8 38. a4 Ne7 39. Ba3 Ba7 40. Nd6+ Kf8 41. Nxe8 Kxe8 42. Rc1 Rc6 43. Rdd1 Nd5 44. Rxd4 Ne7 45. Rdc4 Rb6 46. b4 cxb4 47. Rxb4 Rc6 48. Rxc6 Nxc6 49. Rb7 Nd4+ 50. Kg2 Nc2 51. Bd6 Ne3+ 52. Kf3 Bd4 53. Rxg7 Nc2 54. Rg5 Ne1+ 55. Ke2 Ng2 56. Rxh5 Ne3 57. Kd3 Bb6 58. e6 Nf1 59. Rh8# 1-0

[Event "Hessen-ch Gr-D 64th"]
[Site "Bad Vilbel"]
[Date "2010.04.04"]
[Round "5"]
[White "Minarsch, Hans"]
[Black "Koch, Norbert"]
[Result "1/2-1/2"]
[WhiteElo "1574"]
[BlackElo "1662"]
[PlyCount "66"]
[EventDate "2010.03.31"]
[EventType "swiss"]
[EventRounds "5"]
[EventCountry "GER"]
[SourceTitle "EXT 2011"]
[Source "ChessBase"]
[SourceDate "2010.11.26"]
[SourceVersion "1"]
[SourceVersionDate "2010.11.26"]
[SourceQuality "1"]

1. b3 e5 2. Bb2 Nc6 3. e3 Nf6 4. Bb5 d6 5. Nf3 Be7 6. d4 exd4 7. Nxd4 Bd7 8. Nxc6 bxc6 9. Be2 0-0 10. c4 d5 11. Nc3 Bb4 12. 0-0 Be6 13. Qc2 Qe7 14. a3 Bd6 15. Na4 Nd7 16. b4 dxc4 17. Bxc4 Qh4 18. f4 Bg4 19. h3 Bh5 20. Bd3 Rfe8 21. Bd4 Nf6 22. Qxc6 Rad8 23. Qc4 Qg3 24. Be2 Rxe3 25. Bxh5 Nxh5 26. Bxe3 Qxe3+ 27. Rf2 Bxf4 28. Qe2 Qd4 29. Re1 Nf6 30. Kh1 Bg3 31. Rf3 Bxe1 32. Qxe1 Qd1 33. Qxd1 Rxd1+ 1/2-1/2

[Event "Hessen-ch Gr-D 62nd"]
[Site "Hanau"]
[Date "2008.03.22"]
[Round "4"]
[White "Hahn, Florian"]
[Black "Minarsch, Hans"]
[Result "1-0"]
[WhiteElo "1530"]
[BlackElo "1617"]
[PlyCount "51"]
[EventDate "2008.03.21"]
[EventType "swiss"]
[EventRounds "5"]
[EventCountry "GER"]
[SourceTitle "CBM 123 Extra"]
[Source "ChessBase"]
[SourceDate "2008.05.06"]
[SourceVersion "1"]
[SourceVersionDate "2008.05.06"]
[SourceQuality "1"]

1. Nf3 b6 2. b3 Nf6 3. e3 Bb7 4. Bb2 e6 5. Be2 Be7 6. 0-0 0-0 7. d4 d5 8. c4 c5 9. cxd5 exd5 10. Nc3 Nbd7 11. Rc1 Rc8 12. h3 Ne4 13. Nxe4 dxe4 14. Ne5 Nf6 15. Bc4 a6 16. dxc5 Qxd1 17. Rfxd1 Bxc5 18. Nxf7 Rxf7 19. Bxf6 Ba3 20. Bxf7+ Kxf7 21. Rxc8 Bxc8 22. Bc3 Be7 23. Rd4 Bf5 24. g4 Bg6 25. Rd7 b5 26. Bb4 1-0

[Event "Main Vogelsberg op 2nd"]
[Site "Grossauheim"]
[Date "2007.06.07"]
[Round "2"]
[White "Minarsch, Hans"]
[Black "Deller, Yannick"]
[Result "1-0"]
[WhiteElo "1655"]
[BlackElo "1208"]
[PlyCount "23"]
[EventDate "2007.06.07"]
[EventType "swiss"]
[EventRounds "7"]
[EventCountry "GER"]
[SourceTitle "EXT 2008"]
[Source "ChessBase"]
[SourceDate "2007.11.25"]
[SourceVersion "1"]
[SourceVersionDate "2007.11.25"]
[SourceQuality "1"]

1. Nf3 Nf6 2. c4 g6 3. d4 d6 4. h3 Bg7 5. Nc3 0-0 6. e4 Nbd7 7. Be3 c6 8. Be2 e5 9. 0-0 Re8 10. Qc2 Qc7 11. Rfd1 exd4 12. Nxd4 1-0

[Event "GER Seniors Derby 06th"]
[Site "Wesel Undeloh"]
[Date "2007.04.15"]
[Round "6.13"]
[White "Minarsch, Hans"]
[Black "Wolter, Guenter"]
[Result "1/2-1/2"]
[WhiteElo "1648"]
[BlackElo "1645"]
[PlyCount "154"]
[EventDate "2007.04.12"]
[EventType "swiss"]
[EventRounds "7"]
[EventCountry "GER"]
[SourceTitle "EXT 2022"]
[Source "ChessBase"]
[SourceDate "2021.10.06"]
[SourceVersion "1"]
[SourceVersionDate "2021.10.06"]
[SourceQuality "1"]

1. Nf3 Nf6 2. c4 c5 3. Nc3 e6 4. e4 d6 5. d4 cxd4 6. Nxd4 Nc6 7. Bg5 Be7 8. Be2 Qb6 9. Nb3 0-0 10. 0-0 a6 11. a4 Qc7 12. a5 Bd7 13. Re1 Rac8 14. Be3 Ne5 15. Bb6 Qb8 16. Nd2 Bd8 17. Bd4 Nc6 18. Nb3 Nxd4 19. Nxd4 Bc6 20. Bf3 Nd7 21. g3 Ne5 22. Nxc6 Rxc6 23. b3 Bf6 24. Rc1 Qc7 25. Bg2 Qxa5 26. Ne2 Qb6 27. Rf1 Rc7 28. Rb1 Rd8 29. Nf4 Bg5 30. Nh3 Be7 31. Kh1 Rc5 32. f4 Nd7 33. f5 Ne5 34. Nf4 exf5 35. Nd5 Rxd5 36. exd5 g6 37. h3 Bf6 38. g4 Qe3 39. gxf5 Nd3 40. Qf3 Bd4 41. fxg6 Nf2+ 42. Rxf2 Qxf2 43. gxf7+ Kf8 44. Qg4 Qf6 45. Rf1 Qg6 46. Qxg6 hxg6 47. Be4 g5 48. Bh7 b6 49. Bg8 a5 50. Kg2 Be3 51. Kf3 Bd2 52. Ke2 Bc3 53. Kd3 Be5 54. Rf5 Rb8 55. Rxg5 Bf6 56. Rf5 Be7 57. Rf1 b5 58. Rf3 bxc4+ 59. Kxc4 Rb4+ 60. Kc3 Rh4 61. Kd3 Rb4 62. Ke2 Rd4 63. Rd3 Re4+ 64. Kf3 Rh4 65. Kg3 Rb4 66. Kg2 a4 67. bxa4 Rxa4 68. Rf3 Ra2+ 69. Kg3 Rd2 70. Rf5 Rd3+ 71. Kg4 Rd4+ 72. Kf3 Rd3+ 73. Kg2 Rd2+ 74. Rf2 Rxd5 75. Bh7 Rg5+ 76. Kh2 Rg7 77. Be4 Rxf7 1/2-1/2

[Event "GER Seniors Derby 06th"]
[Site "Wesel Undeloh"]
[Date "2007.04.13"]
[Round "2.18"]
[White "Minarsch, Hans"]
[Black "Stache, Guenter"]
[Result "1-0"]
[WhiteElo "1676"]
[BlackElo "1455"]
[PlyCount "115"]
[EventDate "2007.04.12"]
[EventType "swiss"]
[EventRounds "7"]
[EventCountry "GER"]
[SourceTitle "EXT 2022"]
[Source "ChessBase"]
[SourceDate "2021.10.06"]
[SourceVersion "1"]
[SourceVersionDate "2021.10.06"]
[SourceQuality "1"]

1. Nf3 Nc6 2. c4 e5 3. Nc3 Bc5 4. d3 d6 5. Na4 Bb4+ 6. Bd2 Bg4 7. a3 Bxd2+ 8. Nxd2 Nf6 9. h3 Bh5 10. g4 Bg6 11. Bg2 0-0 12. b4 Rb8 13. Nc3 Nd4 14. Nce4 c6 15. e3 Ne6 16. Nxf6+ Qxf6 17. Ne4 Qe7 18. 0-0 f5 19. gxf5 Bxf5 20. Ng3 Qh4 21. Nxf5 Rxf5 22. Qg4 Qxg4 23. hxg4 Rf6 24. Ra2 Rbf8 25. a4 Ng5 26. Kh2 Nf3+ 27. Kg3 h6 28. b5 c5 29. a5 R8f7 30. Rh1 Kf8 31. Rh5 Ke8 32. Rf5 Ng5 33. Rxf6 gxf6 34. f4 Ne6 35. Bd5 Re7 36. f5 Nd8 37. Rh2 Rh7 38. Kf3 Ke7 39. Ke4 Rg7 40. Rxh6 Rxg4+ 41. Kf3 Rg7 42. Rg6 Rh7 43. Kg3 Rh5 44. Kg4 Rh2 45. Rg7+ Kf8 46. Rg8+ Ke7 47. Kg3 Rh5 48. Be4 Kd7 49. Bf3 Rh7 50. Rg4 Kc8 51. d4 b6 52. a6 Kc7 53. dxc5 bxc5 54. Bd5 Rh8 55. Rg6 Rf8 56. Kg4 Kb6 57. Kh5 Nf7 58. Rxf6 1-0

[Event "Hessen-ch qual-D"]
[Site "Erlensee"]
[Date "2007.04.06"]
[Round "2"]
[White "Baumann, Wolfgang1111"]
[Black "Minarsch, Hans"]
[Result "1-0"]
[WhiteElo "1611"]
[BlackElo "1676"]
[PlyCount "164"]
[EventDate "2007.04.06"]
[EventType "swiss"]
[EventRounds "5"]
[EventCountry "GER"]
[SourceTitle "CBM 117 Extra"]
[Source "ChessBase"]
[SourceDate "2007.05.09"]
[SourceVersion "1"]
[SourceVersionDate "2007.05.09"]
[SourceQuality "1"]

1. c4 e6 2. Nc3 Nf6 3. g3 Be7 4. Bg2 0-0 5. d3 c6 6. Nf3 d5 7. cxd5 exd5 8. 0-0 Nbd7 9. a3 a5 10. Rb1 Nc5 11. b4 Ne6 12. Qb3 Nc7 13. e3 Bf5 14. Ne2 axb4 15. axb4 Nb5 16. Ned4 Nxd4 17. Nxd4 Bg6 18. Bd2 Nd7 19. Rbc1 Ne5 20. Rfd1 Bxd3 21. Ra1 Bc4 22. Qc2 Rxa1 23. Rxa1 Bf6 24. Bc3 Qc7 25. Nf3 Nxf3+ 26. Bxf3 Qe7 27. Qb2 Bxc3 28. Qxc3 Ba6 29. Kg2 Rd8 30. Rd1 Qd6 31. Qd4 Qe7 32. Rd2 f6 33. e4 Bc4 34. exd5 Bxd5 35. Bxd5+ Rxd5 36. Qc4 Qd6 37. Re2 Kf8 38. Re3 g6 39. Qe4 Re5 40. Qf4 Kg7 41. h4 Qd5+ 42. Qf3 Qxf3+ 43. Kxf3 Kf7 44. Rd3 Ke7 45. g4 f5 46. gxf5 Rxf5+ 47. Kg3 Rd5 48. Re3+ Kf6 49. Re4 b6 50. f3 c5 51. bxc5 bxc5 52. Ra4 h5 53. Ra6+ Kf5 54. Rc6 g5 55. hxg5 Kxg5 56. Rc8 Kf6 57. Kf4 Rf5+ 58. Ke4 Rg5 59. Rc6+ Ke7 60. f4 Rg1 61. Rxc5 h4 62. Rh5 Rh1 63. Kf3 h3 64. Kg3 h2 65. Rxh2 Rxh2 66. Kxh2 Kf6 67. Kg2 Kg6 68. Kg3 Kf5 69. Kf3 Kf6 70. Ke4 Ke6 71. f5+ Kf6 72. Kf4 Kf7 73. Ke5 Ke8 74. Kf6 Kf8 75. Kg6 Kg8 76. f6 Kh8 77. Kf7 Kh7 78. Ke7 Kg6 79. f7 Kh7 80. f8Q Kg6 81. Qf1 Kg5 82. Qf3 Kh4 1-0

[Event "Main Vogelsberg-ch"]
[Site "Grossauheim"]
[Date "2004.11.21"]
[Round "6"]
[White "Engelbert, Thomas"]
[Black "Minarsch, Hans"]
[Result "1/2-1/2"]
[WhiteElo "1409"]
[BlackElo "1657"]
[PlyCount "57"]
[EventDate "2004.11.13"]
[EventType "swiss"]
[EventRounds "7"]
[EventCountry "GER"]
[SourceTitle "EXT 2022"]
[Source "ChessBase"]
[SourceDate "2021.10.06"]
[SourceVersion "1"]
[SourceVersionDate "2021.10.06"]
[SourceQuality "1"]

1. e4 c5 2. Nf3 d6 3. d4 cxd4 4. Nxd4 g6 5. Nc3 Bg7 6. Be3 Nf6 7. f3 Nc6 8. Qd2 Bd7 9. 0-0-0 0-0 10. Nb3 a5 11. Bb5 Ne5 12. Be2 a4 13. Nd4 Qa5 14. Ndb5 Rfc8 15. Na3 b5 16. Ncxb5 Qxd2+ 17. Rxd2 Nc6 18. Nc3 Nb4 19. Kb1 Ne8 20. Bd4 Bh6 21. Rdd1 Nc7 22. Nc4 Rab8 23. Nb6 Rd8 24. Nxd7 Rxd7 25. Nxa4 Ne6 26. Bc3 Ra7 27. Bxb4 Rxb4 28. Nc3 Bg7 29. Kc1 1/2-1/2

[Event "Main Vogelsberg-ch"]
[Site "Grossauheim"]
[Date "2004.11.13"]
[Round "2"]
[White "Guenther, Andreas1111"]
[Black "Minarsch, Hans"]
[Result "0-1"]
[WhiteElo "1566"]
[BlackElo "1657"]
[PlyCount "120"]
[EventDate "2004.11.13"]
[EventType "swiss"]
[EventRounds "7"]
[EventCountry "GER"]
[SourceTitle "EXT 2022"]
[Source "ChessBase"]
[SourceDate "2021.10.06"]
[SourceVersion "1"]
[SourceVersionDate "2021.10.06"]
[SourceQuality "1"]

1. d4 Nf6 2. c4 e6 3. Nc3 Bb4 4. Bd2 0-0 5. e3 b6 6. Nf3 Bb7 7. Be2 d5 8. a3 Be7 9. Rc1 dxc4 10. Bxc4 a6 11. b4 Nbd7 12. Qe2 b5 13. Bd3 Nb6 14. e4 Re8 15. 0-0 Nfd7 16. Nd1 Nf8 17. Ne3 Ng6 18. Nc2 e5 19. Nxe5 Nxe5 20. dxe5 c5 21. Ne1 c4 22. Bc2 Qc7 23. f4 Rac8 24. Bc3 Qc6 25. Nf3 Na4 26. Qe3 Nxc3 27. Qxc3 Qh6 28. Nd4 Bd8 29. Nf5 Qb6+ 30. Kh1 Bc7 31. Rcd1 Rcd8 32. Rxd8 Rxd8 33. Qg3 g6 34. Nh6+ Kg7 35. f5 Rd2 36. f6+ Kf8 37. Qc3 Qd4 38. Qxd4 Rxd4 39. Ng4 Bxe4 40. Bxe4 Rxe4 41. Rd1 h5 42. Nh6 Ke8 43. Kg1 Rxe5 44. Nxf7 Bb6+ 45. Kf1 Kxf7 46. g3 Rf5+ 47. Kg2 Rxf6 48. h4 c3 49. Rc1 Rf2+ 50. Kh3 c2 51. Re1 Be3 52. g4 c1Q 53. Rxc1 Bxc1 54. g5 Bxa3 55. Kg3 Rf5 56. Kh3 Bxb4 57. Kg3 Be1+ 58. Kg2 b4 59. Kh3 b3 60. Kg2 b2 0-1